Reformas de importancia en vehículos automóviles /

Guardado en:
Detalles Bibliográficos
Autor principal: Dols Ruiz, Juan Francisco (autor)
Otros autores: Font Mezquita, José (autor) (autor)
Formato: Libro
Idioma:Español
Publicado: Valencia, España : Universidad Politécnica de Valencia, 1992, c1992
Temas:
Etiquetas: Agrega una etiqueta
Sin etiquetas, Sé el primero en etiquetar este registro!

MARC

LEADER 00000nam^a2200000^a^4500
001 000053109
005 20250521000000.0
009 20260310090420.808
037 |a Acervo ITESO - Biblioteca 
041 |a ESP 
082 |a 629. 23  |b DOL 
100 |a Dols Ruiz, Juan Francisco  |e (autor) 
245 1 0 |a Reformas de importancia en vehículos automóviles /  |c J.F. Dols Ruiz, José Font Mezquita. 
264 4 |a Valencia, España :  |b Universidad Politécnica de Valencia,  |c 1992, c1992 
300 |a 41 p. 
336 |a texto  |b txt  |2 rdacontenido 
337 |a sin mediación  |b n  |2 rdamedio 
338 |a volumen  |b nc  |2 rdasoporte 
649 |a XX 
650 |a Automóviles -  |x Historia 
650 |a Ingeniería Mecánica 
700 |a Font Mezquita, José  |e (autor) 
910 |a Fondo General 
920 |a Impresos - Libros 
930 |a Colección General 
905 |a 101 
901 |a 0500010842  |b IT1  |c ACC  |u 20250521 
902 |a https://opac.biblio.iteso.mx/vufind/Record/000053109